Central Library OPAC University of Rajshahi

অহিংস বিশ্ব রাজনীতি বিজ্ঞান = ননকিলিং গ্লোবাল পলিটিক্যাল সায়েন্স / (Record no. 74266)

MARC details
000 -LEADER
fixed length control field 01200nam a2200253 a 4500
001 - CONTROL NUMBER
control field 74266
003 - CONTROL NUMBER IDENTIFIER
rucl marc code BD-RjUL
005 - DATE AND TIME OF LATEST TRANSACTION
control field 20211209082528.0
008 - FIXED-LENGTH DATA ELEMENTS--GENERAL INFORMATION
fixed length control field 180426s2014 bg ||||| b||| 00| 0 ben d
020 ## - INTERNATIONAL STANDARD BOOK NUMBER
International Standard Book Number 9879849103707
Terms of availability Tk.500.00
035 ## - SYSTEM CONTROL NUMBER
System control number (BD-RjUL)74484
040 ## - CATALOGING SOURCE
Original cataloging agency BD-RjUL
Language of cataloging eng
Transcribing agency BD-RjUL
041 ## - LANGUAGE CODE
Language code of text/sound track or separate title ben
082 ## - DEWEY DECIMAL CLASSIFICATION NUMBER
Edition number 23
Classification number 388.95492
Author mark and year PAA 2014
100 1# - MAIN ENTRY--PERSONAL NAME
Personal name পেইজ, গ্লেন. ডি.
9 (RLIN) 221248
245 10 - TITLE STATEMENT
Title অহিংস বিশ্ব রাজনীতি বিজ্ঞান = ননকিলিং গ্লোবাল পলিটিক্যাল সায়েন্স /
Statement of responsibility, etc. গ্লেন. ডি. পেইজ, ; অনুবাদ রাশিদা খানম
260 ## - PUBLICATION, DISTRIBUTION, ETC. (IMPRINT)
Place of publication, distribution, etc. ঢাকা :
Name of publisher, distributor, etc. এ এইচ ডেভেলপমেন্ট পাব .
Date of publication, distribution, etc. ২০১৪
300 ## - PHYSICAL DESCRIPTION
Pagination ১৭৬ পৃ. ;
Size ২২ সেমি.
504 ## - BIBLIOGRAPHY, ETC. NOTE
Bibliography, etc গ্রন্থপঞ্জি সংযোজিত
650 ## - SUBJECT ADDED ENTRY--TOPICAL TERM
Topical term or geographic name as entry element বিশ্ব রাজনীতি
Form subdivision শান্তিচ্যুতি
9 (RLIN) 221249
Topical term or geographic name as entry element International politices
Form subdivision peacebuilding
9 (RLIN) 221250
700 ## - ADDED ENTRY--PERSONAL NAME
Personal name অনুবাদ ; রাশিদা খানম
942 ## - ADDED ENTRY ELEMENTS (KOHA)
Source of classification or shelving scheme Dewey Decimal Classification
Koha item type Books
Holdings
Lost status Source of classification or shelving scheme Damaged status Not for loan Collection code Permanent Location Current Location Shelving location Date acquired Source of acquisition Cost, normal purchase price Total Checkouts Full call number Date last seen Copy number Koha item type
  Dewey Decimal Classification   Not For Loan Non-fiction Central Library, University of Rajshahi Central Library, University of Rajshahi Reading Room 05/04/2017 Rajshahi Vidya sagar 500.00   B 338.95492 PAA 2014 26/04/2018 C-1 Books
  Dewey Decimal Classification     Non-fiction Central Library, University of Rajshahi Central Library, University of Rajshahi   05/04/2017 Rajshahi Vidya sagar 500.00   B 338.95492 PAA 2014 26/04/2018 C-2 Books
  Dewey Decimal Classification     Non-fiction Central Library, University of Rajshahi Central Library, University of Rajshahi   05/04/2017 Rajshahi Vidya sagar 500.00   B 338.95492 PAA 2014 26/04/2018 C-3 Books